Loading...
| History - American | 2 | 3 | 2 | 0 | 50 | 76 | 107.20 | 1 | 2 | 11.00 | 25.38 |
| Religion | 1 | 3 | 0 | 1 | 45 | 67 | 122.25 | 0 | 1 | 4.72 | 11.06 |
| Fine Arts - Painting and Sculpture | 0 | 3 | 0 | 1 | 30 | 106 | 132.00 | 0 | 0 | 2.50 | 9.65 |
| Literature - American | 0 | 3 | 0 | 1 | 30 | 141 | 149.67 | 0 | 0 | 1.93 | 11.61 |
| Fine Arts - Other Arts | 0 | 3 | 0 | 0 | 30 | 92 | 121.33 | 0 | 1 | 5.00 | 11.79 |
| History - Other | 0 | 3 | 0 | 1 | 30 | 99 | 126.67 | 0 | 0 | 3.50 | 7.34 |
| Other Science (Computer Science) | 0 | 3 | 1 | 1 | 25 | 104 | 120.33 | 0 | 0 | 7.05 | 20.00 |
| Social Science | 0 | 3 | 2 | 0 | 20 | 112 | 123.00 | 0 | 0 | 2.08 | 10.26 |
| History - European | 0 | 2 | 0 | 0 | 20 | 99 | 106.50 | 0 | 1 | 5.05 | 8.72 |
| Modern World | 0 | 2 | 0 | 0 | 20 | 112 | 118.00 | 0 | 0 | 5.67 | 13.90 |
| Mythology | 0 | 2 | 0 | 0 | 20 | 148 | 151.00 | 0 | 0 | 1.96 | 18.77 |
| Other Culture | 0 | 2 | 0 | 1 | 20 | 122 | 130.50 | 0 | 0 | 8.11 | 15.00 |
| Philosophy | 0 | 2 | 0 | 0 | 20 | 141 | 148.50 | 0 | 0 | 0.26 | 6.87 |
| Science - Chemistry | 0 | 2 | 1 | 0 | 15 | 80 | 115.00 | 0 | 0 | 3.64 | 7.69 |
| Other Science (Astronomy) | 0 | 1 | 0 | 0 | 10 | 118 | 118.00 | 0 | 0 | 11.18 | 26.67 |
| History - World | 0 | 2 | 2 | 1 | 10 | 110 | 126.50 | 0 | 0 | 1.83 | 4.74 |
| Science - Physics | 0 | 1 | 0 | 0 | 10 | 109 | 109.00 | 0 | 0 | 2.61 | 6.99 |
| Literature - European | 0 | 1 | 0 | 0 | 10 | 150 | 150.00 | 0 | 0 | 0.66 | 1.65 |
| Science - Biology | 0 | 1 | 1 | 0 | 5 | 135 | 135.00 | 0 | 0 | -0.06 | 0.59 |
| Fine Arts - Classical Music and Opera | 0 | 1 | 2 | 0 | 0 | 146 | 146.00 | 0 | 0 | 0.00 | 2.05 |
| Literature - British | 0 | 0 | 1 | 0 | -5 | 0.00 | 0 | 0 | 0.00 | 0.00 | |
| Geography | 0 | 0 | 2 | 0 | -10 | 0.00 | 0 | 0 | 0.00 | 0.00 |